00526nam a22001457a 4500003000400000005001700004008004100021040001400062100002500076245010900101260000900210300002800219500010100247504003200348OSt20171010095518.0120816t xxu||||| |||| 00| 0 eng d aMMSUcULS aBarut, Alexander R.  aPatterns and consequences of migration in selected rural barangays of Ilocos Norte cAlexander R, Barut  c2004 axv, 117 leaves c28 cm. aThesis (Ph.D. Rural Development) -- Mariano Marcos State University-Graduate School, Laoag City  aBibliography: leaves 99-102